Nerf Rival Blasters - Sudden Death - Statistics

General Stats
  • This quiz has been taken 32 times
  • The average score is 10 of 19
Answers on the Grid
Answers color-coded by a green-red scale on the quiz's grid according to % correct below.
Zeus
Khaos
Enemy
Nemesis
Challenger
Neutralizer
Atlas
Artemis
Hades
Ares
Pluto
Prometheus
Fate
Knockout
Storm
Roundhouse
Kronos
Sight
Vision
Pilot
Takedown
Soldier 76 Blaster
Soldier 77 Blaster
Mirage
Perses
Charger
Ravager
 
Answer Stats
Answer % Correct
Nemesis
78%
Hades
67%
Kronos
67%
Prometheus
67%
Roundhouse
67%
Soldier 76 Blaster
67%
Takedown
67%
Zeus
67%
Artemis
56%
Khaos
56%
Knockout
56%
Perses
56%
Atlas
44%
Fate
44%
Charger
33%
Mirage
33%
Pilot
33%
Vision
33%
Challenger
22%
No matching quizzes found
Score Distribution
Percent of People with Each Score
Percentile by Number Answered
Your Score History
You have not taken this quiz